Devinez les Pays de ces Équipes Nationales de Football. - Statistiques

Statistiques générales
  • Ce quiz a été pris 159 fois
  • Le résultat moyen est 25 sur 28
Statistiques - réponses
Par images Réponse % Correct
Allemagne
100%
Brésil
100%
Canada
100%
Chili
100%
France
100%
Italie
100%
Japon
100%
Portugal
100%
Australie
99%
Belgique
99%
États-Unis
99%
Mexique
99%
Argentine
98%
Colombie
98%
Espagne
98%
Qatar
98%
Tunisie
98%
Danemark
97%
Angleterre
96%
Croatie
95%
Pays-Bas
94%
Uruguay
83%
Pologne
76%
Suisse
67%
Bolivie
63%
Équateur
55%
Serbie
51%
Corée du Sud
40%
Aucun quiz correspondant
Distribution des résultats
% des personnes avec chaque résultat
Percentile par nombre de réponses
Votre historique - résultats
Vous n’avez pas pris ce quiz